000
00327nam a2200133Ia 4500
008
190216s9999||||xx |||||||||||||| ||und||
100
_a
Murray And Spiegel
245
0
_a
Theory And Problems Of Laplace
250
_a
1st Ed.
260
_b
Schaum`S Outline Series
_c
1965
300
_a
261
650
_a
Mathematics
942
_c
BK
999
_c
30887
_d
30887